| 000 | 01494nam a2200349 c 4500 | ||
|---|---|---|---|
| 999 |
_c334382 _d334382 |
||
| 003 | BLK | ||
| 005 | 20231220114937.0 | ||
| 008 | 180410b bul|||||r ||||||| ||bul|| | ||
| 010 | _aKNG00163562000 | ||
| 020 | _a978-954-07-4713-2 | ||
| 040 | _aBLK | ||
| 041 |
_aBUL _cBUL |
||
| 072 | 7 |
_2bullib _aН37 _xОбразование. Педагогика Н |
|
| 080 |
_aЗанимания в предучилищна възраст _b372.3 |
||
| 100 | 1 |
_aАнгелов, Божидар Михайлов _931376 |
|
| 139 |
_aАнгелов, Божидар Михайлов _bА 64 |
||
| 245 | 1 | 0 |
_aПредучилищното образование - ретроспекция, състояние, тенденции, предизвикателства и промени _cБожидар Михайлов Ангелов. |
| 257 | _aBGR | ||
| 260 |
_bУнив. изд. Св. Климент Охридски _c2019 _aСофия |
||
| 300 |
_a216 с. _c20 см |
||
| 380 | _a3 | ||
| 500 | _aБиблиогр.: с. 210-214. | ||
| 650 | 4 |
_aПредучилищно възпитание _9241578 |
|
| 650 | 0 |
_aПредучилищно възпитание - състояние и проблеми - методика _9255353 |
|
| 653 | _aпредучилищна възраст | ||
| 653 | _aметодика на преподаването | ||
| 852 |
_bП _cП 37/А 64 |
||
| 856 | 4 | _qpdf | |
| 856 | 4 | _qpdf | |
| 942 |
_cKNG _n0 _03 |
||
| 944 |
_k30560 _lГеновева Генчева |
||